00393nam a2200145Ia 4500003000400000008004100004040001600045082001600061100001700077245004500094260004900139300001000188650001700198650003200215GCL140319s9999 xx 000 0 eng d aGCL / cGCL04a551.46bS E1 aSTOWE, KEITH10aEXPLORING OCEAN SCIENCE / cSTOWE, KEITH a[S.N] : bJOHN WILEY AND SONS. INC ، c1995 a426 P04aOCEANOGRAPHY04aESSENTIALS OF OCEAN SCEINCE